[Event "Fast Game"]
[Site "www.echecsemail.com"]
[Date "2016.01.18"]
[Round "1"]
[White "Huw"]
[Black "Libiesse"]
[WhiteElo "1779"]
[BlackElo "1699"]
[Result "1-0"]
[Round "1"]
1.d4 d5
2.c4 e6
3.Ng1f3 Ng8f6
4.Nb1c3 Bf8e7
5.e3 O-O
6.a3 Nb8d7
7.b4 dxc4
8.Bf1xc4 b6
9.Qd1c2 Bc8b7
10.Bc4d3 h6
11.Bc1b2 Rf8e8
12.Ra1c1 Be7d6
13.e4 e5
14.d5 a6
15.Nc3e2 Ra8c8
16.Nf3d2 c5
17.bxc5 Rc8xc5
18.Qc2b1 Qd8e7
19.O-O Re8c8
20.Nd2b3 Rc5xc1
21.Rf1xc1 Bd6c5
22.a4 Nf6g4
23.Nb3xc5 Nd7xc5
24.h3 Ng4f6
25.Bb2a3 Qe7d7
26.Ba3xc5 bxc5
27.Ne2g3 Nf6e8
28.Ng3f5 Ne8d6
29.Nf5xd6 { resign }
1-0

[Event "Tourn. n8541"]
[Site "www.chess-mail.com"]
[Date "2016.01.19"]
[Round "1"]
[White "Marbachess"]
[Black "Tonino1"]
[WhiteElo "2200"]
[BlackElo "2040"]
[Result "1-0"]
[Round "1"]
1.f4 Ng8f6
2.Ng1f3 g6
3.d4 Bf8g7
4.e3 O-O
5.Nb1c3 d5
6.a3 c6
7.Bf1d3 h6
8.Bc1d2 Bc8f5
9.Bd3xf5 gxf5
10.Qd1e2 Nf6e4
11.Rh1g1 Nb8d7
12.g4 Ne4xd2
13.Kxd2 fxg4
14.Rg1xg4 f5
15.Rg4g6 Rf8f6
16.Rg6g3 Qd8e8
17.Ra1g1 Rf6f7
18.Qe2g2 Qe8f8
19.Nf3h4 e6
20.Nh4g6 Qf8e8
21.Ng6e5 Qe8f8
22.Ne5xf7 Qf8xf7
23.Rg3xg7 { resign }
1-0

[Event "Tourn. n8512"]
[Site "www.chess-mail.com"]
[Date "2016.01.19"]
[Round "1"]
[White "Amaya"]
[Black "Genius7"]
[WhiteElo "2000"]
[BlackElo "2050"]
[Result "0-1"]
[Round "1"]
1.d4 g6
2.e3 Bf8g7
3.Bf1d3 d6
4.f4 Ng8f6
5.Ng1f3 O-O
6.Nb1d2 c5
7.c3 Nb8c6
8.a3 a5
9.O-O Qd8c7
10.Qd1e1 cxd4
11.cxd4 e6
12.Qe1g3 d5
13.Nf3e5 Bc8d7
14.Qg3h4 h5
15.Rf1f3 Nc6xe5
16.fxe5 Nf6g4
17.Rf3g3 b5
18.Rg3xg4 hxg4
19.Qh4xg4 b4
20.e4 dxe4
21.Nd2xe4 Bd7c6
22.Ne4f6 Bg7xf6
23.exf6 Qc7d7
24.Bc1h6 Rf8d8
25.Bh6e3 Qd7d5
26.Bd3xg6 Qd5xg2
27.Qg4xg2 Bc6xg2
28.Kxg2 fxg6
29.Ra1c1 Kf7
30.Be3g5 Ra8a7
31.Rc1c4 bxa3
32.bxa3 Ra7d7
{ resign }
0-1

[Event "Tourn. n8585"]
[Site "www.chess-mail.com"]
[Date "2016.01.19"]
[Round "1"]
[White "Duff"]
[Black "Neo"]
[WhiteElo "1810"]
[BlackElo "1880"]
[Result "1-0"]
[Round "1"]
1.e4 e5
2.Ng1f3 d6
3.Nb1c3 b6
4.d4 exd4
5.Nf3xd4 Bc8b7
6.Bc1e3 Nb8c6
7.Bf1b5 Qd8d7
8.O-O O-O-O
9.Qd1e2 Ng8e7
10.Nc3d5 Qd7e8
11.Nd5xe7 Bf8xe7
12.Qe2c4 Be7f6
13.Nd4xc6 Bb7xc6
14.Bb5xc6 Qe8e5
15.Qc4a6 Kb8
16.Qa6b7 
1-0

[Event "Tourn. n8551"]
[Site "www.chess-mail.com"]
[Date "2016.01.19"]
[Round "1"]
[White "Tartan"]
[Black "Faerieking"]
[WhiteElo "2400"]
[BlackElo "2260"]
[Result "1-0"]
[Round "1"]
1.d4 d5
2.Ng1f3 c6
3.c4 Bc8f5
4.Nb1c3 Ng8f6
5.Qd1b3 Qd8b6
6.c5 Qb6xb3
7.axb3 Nb8a6
8.e4 Na6b4
9.Ra1a4 Nb4c2
10.Kd2 dxe4
11.Nf3h4 Nc2xd4
12.Ra4xd4 e5
13.Rd4a4 O-O-O
14.Kc2 Bf5g4
15.Bc1e3 { resign }
1-0

[Event "Tourn. n8508"]
[Site "www.chess-mail.com"]
[Date "2016.01.19"]
[Round "1"]
[White "Azulmarino"]
[Black "Osopanda"]
[WhiteElo "1710"]
[BlackElo "1860"]
[Result "0-1"]
[Round "1"]
1.e4 c5
2.c4 d6
3.Nb1c3 e6
4.Ng1f3 Nb8c6
5.d3 Ng8f6
6.h3 Bf8e7
7.Nc3b5 a6
8.Nb5c3 O-O
9.Bc1e3 Ra8b8
10.Qd1d2 Qd8c7
11.Be3h6 Rf8d8
12.Qd2g5 g6
13.Qg5h4 Nf6h5
14.Qh4g4 f5
15.exf5 exf5
16.Nc3d5 Qc7a5
17.b4 cxb4
18.Nd5xe7 Nc6xe7
19.Qg4g5 b3
20.Nf3d2 b2
 { time }
0-1

[Event "Tourn. n8565"]
[Site "www.chess-mail.com"]
[Date "2016.01.19"]
[Round "1"]
[White "Maredocla"]
[Black "Hundegana"]
[WhiteElo "2080"]
[BlackElo "1980"]
[Result "1-0"]
[Round "1"]
1.f4 d5
2.Ng1f3 c5
3.b3 Qd8c7
4.e3 Nb8c6
5.Bc1b2 e6
6.Bf1b5 Bc8d7
7.O-O a6
8.Bb5xc6 Bd7xc6
9.Nf3e5 Bc6b5
10.d3 O-O-O
11.Qd1h5 g6
12.Qh5h4 f6
13.Ne5g4 h5
14.Qh4h3 Bf8g7
15.Ng4f2 Bb5d7
16.Qh3g3 Ng8e7
17.Nb1d2 Bd7e8
18.Nf2h3 Rh8g8
19.Ra1d1 g5
20.Qg3e1 g4
21.Nh3f2 f5
22.Bb2xg7 Rg8xg7
23.c4 Kb8
24.Nf2h1 d4
25.e4 Be8d7
26.e5 Rd8h8
27.Rd1b1 h4
28.b4 h3
29.g3 Qc7c6
30.Qe1e2 b5
31.bxc5 Qc6xc5
32.cxb5 axb5
33.a4 b4
34.Rf1c1 Qc5b6
35.Nd2c4 Qb6b7
36.Nc4d6 Qb7b6
37.Qe2d2 Ka8
38.Rb1xb4 Qb6a6
39.Rc1c5 Ne7d5
40.Rb4b7 Rh8b8
41.Rc5a5 Rb8xb7
42.Ra5xa6 Kb8
43.Nd6xb7 Kxb7
44.Qd2a5 Rg7e7
45.Ra6a7 Kc8
46.Ra7a8 Kb7
47.Qa5d8 Re7g7
48.Qd8b8 Kc6
49.Ra8a6 Kc5
50.Qb8d6 { resign }
1-0

[Event "Tourn. n8545"]
[Site "www.chess-mail.com"]
[Date "2016.01.19"]
[Round "1"]
[White "Cal"]
[Black "Azulmarino"]
[WhiteElo "1429"]
[BlackElo "1700"]
[Result "1-0"]
[Round "1"]
1.c4 d5
2.cxd5 Qd8xd5
3.d4 Nb8c6
4.e3 Bc8f5
5.Nb1c3 Qd5d8
6.Bf1b5 Bf5d7
7.Ng1f3 a6
8.Bb5xc6 Bd7xc6
9.O-O Ng8f6
10.h3 e6
11.a3 Bf8d6
12.b4  { time }
1-0

[Event "Tourn. n8533"]
[Site "www.chess-mail.com"]
[Date "2016.01.19"]
[Round "1"]
[White "Iko"]
[Black "Gatrooper"]
[WhiteElo "1680"]
[BlackElo "1620"]
[Result "1-0"]
[Round "1"]
1.e4 e5
2.Ng1f3 Nb8c6
3.Bf1d3 a6
4.O-O h6
5.Nb1c3 Ng8f6
6.Nf3h4 d6
7.g3 Nc6d4
8.Nc3e2 Nf6g4
9.Ne2xd4 exd4
10.b4 Bf8e7
11.Nh4f5 Bc8xf5
12.exf5 h5
13.f3 Ng4f6
14.Bc1b2 d5
15.Bb2xd4 Be7xb4
16.c3 Bb4d6
17.Ra1b1 b5
18.a4 h4
19.gxh4 Rh8xh4
20.Rb1a1 Bd6xh2
21.Kg2 Qd8d6
22.Qd1e1 Kd7
23.Qe1xh4 g5
24.Qh4xh2 Qd6e7
25.Ra1e1 Qe7f8
26.Bd4xf6 Kc8
27.Re1e7 Ra8a7
28.axb5 axb5
29.Rf1a1 Qf8xe7
30.Bf6xe7 Ra7xa1
31.Qh2h8 Kd7
32.Qh8d8 Kc6
33.Be7xg5 Ra1a2
34.Qd8f6 Kb7
35.Qf6xf7 Kb6
36.Qf7xd5 Ra2b2
37.f6 Ka7
38.f7 c6
39.Qd5d7 { resign }
1-0

[Event "Tourn. n8545"]
[Site "www.chess-mail.com"]
[Date "2016.01.19"]
[Round "1"]
[White "Gatrooper"]
[Black "Cal"]
[WhiteElo "1580"]
[BlackElo "1429"]
[Result "1-0"]
[Round "1"]
1.e4 e5
2.a3 a6
3.h3 Nb8c6
4.Ng1f3 h6
5.Nb1c3 Ng8f6
6.d3 Bf8c5
7.Bc1e3 Bc5d4
8.Be3xd4 exd4
9.Nc3e2 b5
10.Nf3xd4 Nc6e5
11.Nd4f5 d5
12.Nf5xg7 Ke7
13.Ne2f4 Qd8d6
14.exd5 Nf6xd5
15.Nf4xd5 Qd6xd5
16.Qd1h5 Bc8e6
17.Ng7xe6 Qd5xe6
18.Qh5h4 f6
19.Qh4b4 Kf7
20.O-O-O Ra8c8
21.Rd1e1 c5
22.Qb4h4 Qe6a2
23.Kd2 Qa2xb2
24.f4 Qb2d4
25.fxe5 Rc8c6
26.e6 Rc6xe6
27.Qh4h5 Ke7
28.Re1xe6 Kxe6
29.Bf1e2 c4
30.Rh1f1 c3
31.Ke1 Qd4e3
32.Qh5f5 Kd6
33.Qf5xf6 Kc5
34.Qf6xh8 Qe3g3
35.Rf1f2 Qg3g5
36.Qh8c8 Kb6
37.Qc8b8 Ka5
38.Qb8c7 Ka4
39.Rf2f4 Kxa3
40.Qc7a5 Kb2
41.Rf4b4 Kxc2
42.Qa5a2 Kc1
43.Qa2b1 { resign }
1-0

[Event "Tourn. n8572"]
[Site "www.chess-mail.com"]
[Date "2016.01.19"]
[Round "1"]
[White "Buchauer"]
[Black "Julian"]
[WhiteElo "1809"]
[BlackElo "1990"]
[Result "1-0"]
[Round "1"]
1.e4 c5
2.Ng1f3 d6
3.d4 cxd4
4.Nf3xd4 Ng8f6
5.Nb1c3 a6
6.f3 e5
7.Nd4b3 Bc8e6
8.Bc1e3 Nb8d7
9.Qd1d2 b5
10.O-O-O Nd7b6
11.Qd2f2 Nb6c4
12.Bf1xc4 bxc4
13.Nb3a5 Qd8xa5
14.Be3b6 Qa5b4
15.a3 Qb4xc3
16.bxc3 d5
17.Bb6c5 dxe4
18.Bc5xf8 Rh8xf8
19.Qf2c5 { resign }
1-0

[Event "Tourn. n8466"]
[Site "www.chess-mail.com"]
[Date "2016.01.19"]
[Round "1"]
[White "Paes19"]
[Black "Cardiff"]
[WhiteElo "1990"]
[BlackElo "1840"]
[Result "1/2-1/2"]
[Round "1"]
1.e4 g6
2.Bf1c4 Bf8g7
3.d4 e6
4.Ng1f3 d5
5.exd5 exd5
6.Bc4e2 Ng8f6
7.Nb1c3 O-O
8.O-O c6
9.Bc1g5 Qd8d6
10.h3 Rf8e8
11.Nf3e5 Nb8d7
12.f4 h6
13.Bg5h4 Nd7b6
14.Be2d3 a6
15.Nc3b1 c5
16.dxc5 Qd6xc5
17.Bh4f2 Qc5c7
18.c3 Nf6e4
19.Bd3xe4 dxe4
20.Bf2d4 Bc8e6
21.Qd1c2 Be6d5
22.Nb1d2 e3
23.Nd2f3 Nb6c4
24.Ra1e1 Bd5xf3
25.Rf1xf3 Nc4xe5
26.fxe5 Bg7xe5
27.Bd4xe3 Be5g7
28.Be3f2 Re8xe1
{ draw }
1/2-1/2

[Event "Tourn. n8385"]
[Site "www.chess-mail.com"]
[Date "2016.01.19"]
[Round "1"]
[White "Seger"]
[Black "Nimzo"]
[WhiteElo "2750"]
[BlackElo "2800"]
[Result "1/2-1/2"]
[Round "1"]
1.e4 e6
2.d4 d5
3.Nb1d2 c5
4.Ng1f3 cxd4
5.exd5 Qd8xd5
6.Bf1c4 Qd5d6
7.O-O Ng8f6
8.Nd2b3 Nb8c6
9.Nb3xd4 Nc6xd4
10.Nf3xd4 Bf8e7
11.Rf1e1 O-O
12.Bc4b3 Bc8d7
13.c3 Ra8c8
14.Qd1f3 a5
15.Bb3c2 a4
16.Bc1f4 Qd6b6
17.Ra1b1 a3
18.bxa3 Qb6a5
19.Re1e3 Bd7a4
20.Re3e5 b5
21.Bc2xa4 Qa5xa4
22.Nd4xb5 Nf6d5
23.Re5e4 Qa4c2
24.Re4e1 Nd5xf4
25.Qf3xf4 Rf8d8
26.Qf4e4 Qc2xa2
27.Rb1a1 Qa2d2
28.Nb5a7 Rc8c7
29.Na7c6 Rd8c8
30.Nc6xe7 Rc7xe7
31.c4 Re7a7
32.Qe4b1 g6
33.a4 Kg7
34.Re1d1 Qd2e2
35.Rd1c1 Rc8c5
36.g3 e5
37.Rc1c2 Qe2g4
38.Qb1b6 Ra7a5
39.h4 Qg4c8
40.Qb6b4 Qc8e6
41.Qb4d2 { draw }
1/2-1/2

[Event "Tourn. n8530"]
[Site "www.chess-mail.com"]
[Date "2016.01.19"]
[Round "1"]
[White "Raven16"]
[Black "Awfen"]
[WhiteElo "1990"]
[BlackElo "2060"]
[Result "1-0"]
[Round "1"]
1.d4 d5
2.c4 dxc4
3.Ng1f3 e6
4.e4 b5
5.a4 c6
6.Nb1c3 a6
7.axb5 cxb5
8.Nc3xb5 Qd8b6
9.Nb5c3 Bf8b4
10.Bf1xc4 Ng8e7
11.O-O O-O
12.Bc1e3 Qb6c7
13.Qd1b3 a5
14.Rf1c1 Nb8c6
15.d5 exd5
16.Nc3xd5 Qc7b7
17.Nf3g5 h6
18.Nd5xe7 Qb7xe7
19.Ng5xf7 Kh7
20.Bc4d5 Ra8b8
21.Rc1xc6 Bc8b7
22.Rc6e6 Bb7xd5
23.Qb3xd5 Qe7xf7
24.Qd5e5 Bb4d2
25.Re6e7 Qf7f6
26.Qe5xf6 Rf8xf6
27.Be3xd2 Rb8xb2
28.Bd2c3 Rf6xf2
29.Bc3xb2 Rf2xb2
30.Ra1xa5 Rb2b1
31.Kf2 Rb1b2
32.Kf3 Rb2b3
33.Kf4 Rb3b2
34.g3 Rb2xh2
35.Ra5a7 { resign }
1-0

[Event "Tourn. n8481"]
[Site "www.chess-mail.com"]
[Date "2016.01.19"]
[Round "1"]
[White "Luban"]
[Black "Chiccogianca"]
[WhiteElo "2020"]
[BlackElo "2040"]
[Result "1/2-1/2"]
[Round "1"]
1.d4 b6
2.Ng1f3 Bc8b7
3.e3 g6
4.c4 Bf8g7
5.Nb1c3 e6
6.Bf1e2 d6
7.O-O Ng8e7
8.e4 Nb8d7
9.h3 O-O
10.Bc1e3 a6
11.Ra1c1 h6
12.Qd1d2 Kh7
13.Be2d3 Ne7c6
14.a3 e5
15.d5 Nc6e7
16.b4 f5
17.exf5 gxf5
18.Nf3h4 Qd8e8
19.Nh4xf5 Ne7xf5
20.Qd2c2 Qe8g6
21.Kh1 Kh8
22.g4 Nf5xe3
23.Bd3xg6 Ne3xc2
24.Rc1xc2 Rf8f4
25.Nc3e4 Ra8f8
26.Kg2 Nd7f6
27.f3 Nf6xe4
28.Bg6xe4 Bb7c8
29.c5 dxc5
30.bxc5 b5
31.d6 cxd6
32.cxd6 Bc8e6
33.Rc2c7 Rf8d8
34.Rf1d1 Be6d7
35.Rd1c1 Bg7f8
36.Be4c6 Bd7xc6
37.Rc7xc6 Rd8xd6
38.Rc6xd6 Bf8xd6
39.Rc1c6 Bd6xa3
40.Rc6xh6 Kg7
41.Rh6xa6 b4
42.Ra6a5 Ba3b2
43.Ra5b5 Bb2c3
44.Kf2 Rf4f8
45.Ke2 Kg6
46.h4 Rf8d8
47.Rb5b6 Kg7
48.h5 Rd8d7
49.Ke3 Kh7
50.Ke4 Kg7
51.g5 Kh7
52.Kf5 Kg7
53.h6 Kh7
54.Ke6 Rd7a7
55.Kf5 Ra7f7
56.Kg4 Rf7d7
57.Kh5 Rd7d8
58.g6 Kg8
59.g7 e4
60.Kg6 Bc3xg7
61.hxg7 exf3
62.Rb6xb4 Rd8d6
63.Kg5 { draw }
1/2-1/2

[Event "Match"]
[Site "www.echecsemail.com"]
[Date "2016.01.19"]
[Round "1"]
[White "Gfalk"]
[Black "Wagner"]
[WhiteElo "1649"]
[BlackElo "1700"]
[Result "1-0"]
[Round "1"]
1.f4 d5
2.Ng1f3 c6
3.d3 f6
4.c3 Ng8h6
5.e4 Bc8g4
6.Bf1e2 Qd8b6
7.h3 Bg4h5
8.g4 Bh5f7
9.g5 fxg5
10.fxg5 Nh6g8
11.Nf3e5 Nb8d7
12.Ne5xf7 Kxf7
13.Rh1f1 Ke8
14.Nb1d2 g6
15.Nd2f3 e6
16.e5 O-O-O
17.Bc1d2 Qb6xb2
18.Ra1b1 Qb2xa2
19.Rb1a1 Qa2b2
20.Ra1xa7 Qb2b6
21.Ra7a8 Nd7b8
22.Nf3d4 c5
23.Nd4xe6 Ng8e7
24.Ne6xd8 Qb6xd8
25.Be2g4 Kc7
26.c4 Ne7c8
27.Rf1f7 Bf8e7
28.Qd1b3 b6
29.cxd5 Kb7
30.Qb3a4 Qd8xd5
31.Bg4f3 { resign }
1-0

[Event "Match"]
[Site "www.echecsemail.com"]
[Date "2016.01.19"]
[Round "1"]
[White "Forest"]
[Black "Geretree"]
[WhiteElo "1570"]
[BlackElo "1950"]
[Result "0-1"]
[Round "1"]
1.d4 d5
2.Ng1f3 Nb8c6
3.Bc1f4 Bc8f5
4.c3 e6
5.e3 a6
6.Bf1d3 Bf5xd3
7.Qd1xd3 Bf8d6
8.O-O Ng8f6
9.Nb1d2 Bd6xf4
10.exf4 Nc6e7
11.Nf3e5 Ne7f5
12.Rf1e1 O-O
13.h3 Nf5d6
14.Nd2f3 h6
15.Ra1d1 Ra8c8
16.b3 c6
17.g4 Nf6e4
18.c4 Qd8f6
19.Qd3e3 Rf8e8
20.c5 Nd6b5
21.Rd1c1 Rc8d8
22.Kg2 Nb5c3
23.Rc1xc3 Ne4xc3
24.Qe3xc3 Qf6xf4
25.Qc3e3 Qf4xe3
 { time }
0-1

[Event "Match"]
[Site "www.echecsemail.com"]
[Date "2016.01.19"]
[Round "1"]
[White "Forest"]
[Black "Ssharp"]
[WhiteElo "1570"]
[BlackElo "2220"]
[Result "0-1"]
[Round "1"]
1.d4 d5
2.c4 e6
3.Nb1c3 Ng8f6
4.cxd5 exd5
5.Bc1g5 Bf8e7
6.e3 O-O
7.Ng1f3 Nb8d7
8.Bf1d3 h6
9.Bg5xf6 Nd7xf6
10.O-O Bc8g4
11.h3 Bg4xf3
12.Qd1xf3 c6
13.a3 Rf8e8
14.b4 Be7d6
15.Rf1e1 Ra8c8
16.Bd3f5 Rc8c7
17.Ra1b1 Rc7e7
18.a4 Bd6b8
19.a5 Qd8d6
20.g3 Nf6e4
21.Bf5xe4 dxe4
22.Qf3d1 Re7e6
23.d5 Re6g6
24.dxc6 Rg6xg3
 { time }
0-1

[Event "Match"]
[Site "www.echecsemail.com"]
[Date "2016.01.19"]
[Round "1"]
[White "Badshahc"]
[Black "Jaguar91"]
[WhiteElo "2180"]
[BlackElo "2140"]
[Result "1/2-1/2"]
[Round "1"]
1.e4 c5
2.Nb1c3 Nb8c6
3.g3 Ng8f6
4.Bf1g2 e6
5.d3 Bf8e7
6.Ng1e2 O-O
7.Bc1e3 d5
8.exd5 exd5
9.d4 Rf8e8
10.dxc5 d4
11.Ne2xd4 Nc6xd4
12.Qd1xd4 Qd8xd4
13.Be3xd4 Be7xc5
14.Bd4e3 Bc5xe3
15.fxe3 { draw }
1/2-1/2

[Event "Match"]
[Site "www.echecsemail.com"]
[Date "2016.01.19"]
[Round "1"]
[White "Forest"]
[Black "Nugun"]
[WhiteElo "1570"]
[BlackElo "1580"]
[Result "0-1"]
[Round "1"]
1.c4 e5
2.Nb1c3 Nb8c6
3.g3 Ng8f6
4.Bf1g2 Bf8d6
5.d3 Bd6c5
6.h3 O-O
7.e3 d6
8.Ng1e2 Bc8e6
9.O-O Qd8d7
10.a3 a6
11.d4 Be6xh3
12.dxc5 d5
13.cxd5 Nc6e7
14.e4 Bh3g4
15.Bc1e3 Bg4h3
16.f4 Qd7g4
17.fxe5 Nf6h5
18.Be3f4 Ne7g6
19.Ne2d4 Qg4xd1
20.Ra1xd1 Bh3g4
21.Rd1e1 Ra8d8
22.d6 c6
23.Nd4f5 Rf8e8
24.Nf5d4 Ng6xe5
25.Bf4xe5 Re8xe5
26.b4 Nh5xg3
 { time }
0-1

[Event "Match"]
[Site "www.echecsemail.com"]
[Date "2016.01.19"]
[Round "1"]
[White "Gmscalpel"]
[Black "Ostapbender"]
[WhiteElo "2369"]
[BlackElo "2750"]
[Result "1/2-1/2"]
[Round "1"]
1.e4 c5
2.Ng1f3 Nb8c6
3.Bf1b5 g6
4.Nb1c3 Bf8g7
5.O-O Ng8f6
6.Rf1e1 O-O
7.e5 Nf6g4
8.Bb5xc6 dxc6
9.d3 Ng4h6
10.Nc3e4 b6
11.c3 Nh6f5
12.Bc1f4 Bc8a6
13.d4 cxd4
14.cxd4 f6
15.Qd1b3 Qd8d5
16.Qb3a3 Ba6b7
17.Ra1d1 g5
18.Bf4g3 Rf8d8
19.Qa3d3 Bb7c8
20.Ne4c3 Qd5f7
21.Qd3e4 Nf5xg3
22.fxg3 Bc8b7
23.g4 Qf7g6
24.Qe4e3 h6
25.h3 Ra8c8
26.Rd1d2 f5
27.Qe3d3 Rd8f8
28.d5 c5
29.e6 Qg6h7
30.d6 fxg4
31.Qd3xh7 Kxh7
32.hxg4 Bb7xf3
33.gxf3 Bg7xc3
34.bxc3 exd6
35.Rd2xd6 Rf8f6
36.Rd6d7 Kg6
37.Kf2 Rc8e8
38.e7 a6
39.a4 Kf7
40.Rd7b7 Rf6d6
41.Re1e2 c4
42.Re2e4 Rd6d2
43.Ke1 Rd2d6
44.Ke2 Rd6f6
45.Rb7a7 b5
46.a5 Rf6d6
47.f4 gxf4
48.Re4xf4 Kg7
49.Rf4e4 Kf7
50.Re4e5 Kf6
51.Re5e4 Kf7
52.Re4e3 Rd6g6
53.Re3e5 Rg6xg4
54.Ra7xa6 Re8xe7
55.Re5xe7 Kxe7
56.Ra6xh6 Kd7
57.Rh6b6 Rg4g2
58.Ke3 Rg2g3
59.Kd2 Rg3g2
60.Kd1 Rg2a2
61.Rb6xb5 Kc6
62.Rb5e5 Kb7
63.Re5c5 Ka6
64.Rc5xc4 Kxa5
65.Rc4b4 Ra2h2
66.Kc1 Rh2g2
67.Rb4b7 Ka6
68.Rb7b8 Rg2h2
69.Rb8b4 Ka5
70.Rb4b7 Ka6
71.Rb7b8 Rh2g2
72.Rb8b4 Ka5
73.Kd1 Rg2h2
74.Rb4b7 Ka6
75.Rb7b4 { draw }
1/2-1/2

[Event "Match"]
[Site "www.echecsemail.com"]
[Date "2016.01.19"]
[Round "1"]
[White "Chapi"]
[Black "Cardiff"]
[WhiteElo "2030"]
[BlackElo "2000"]
[Result "1-0"]
[Round "1"]
1.d4 d5
2.c4 c6
3.cxd5 cxd5
4.Nb1c3 Ng8f6
5.Ng1f3 Nb8c6
6.Bc1g5 Nf6e4
7.Bg5f4 Qd8a5
8.Bf4d2 Ne4xd2
9.Qd1xd2 e6
10.e3 Bf8b4
11.Bf1d3 Bc8d7
12.a3 Bb4xc3
13.bxc3 Qa5c7
{ time. }
1-0

[Event "Match"]
[Site "www.echecsemail.com"]
[Date "2016.01.19"]
[Round "1"]
[White "Pellix84"]
[Black "Forest"]
[WhiteElo "2020"]
[BlackElo "1570"]
[Result "1-0"]
[Round "1"]
1.d4 Ng8f6
2.Ng1f3 d5
3.Bc1g5 Nb8d7
4.c4 c6
5.Nb1c3 e6
6.Qd1c2 Bf8b4
7.e3 Qd8a5
8.Bf1e2 Bb4xc3
9.bxc3 Nf6e4
10.Ra1c1 Nd7f6
11.O-O O-O
12.Be2d3 h6
13.Bg5xf6 Ne4xf6
14.Nf3e5 dxc4
15.Bd3xc4 Nf6d5
16.Bc4b3 Qa5c7
17.Qc2e4 Nd5f6
18.Qe4f3 Bc8d7
19.Qf3g3 Nf6e4
20.Qg3h4 Ne4f6
21.f3 c5
22.Rc1c2 b6
23.Rf1d1  { time }
1-0

[Event "Match"]
[Site "www.echecsemail.com"]
[Date "2016.01.19"]
[Round "1"]
[White "Geodad5"]
[Black "Liencam2"]
[WhiteElo "2130"]
[BlackElo "2350"]
[Result "1-0"]
[Round "1"]
1.e4 c5
2.Ng1f3 e6
3.d4 cxd4
4.Nf3xd4 a6
5.Bf1e2 Qd8c7
6.O-O Nb8c6
7.c3 Ng8f6
8.Be2d3 Bf8c5
9.Nd4b3 Bc5e7
10.Bc1e3 b5
11.Nb1d2 Nc6e5
12.Bd3c2 Bc8b7
13.f4 Ne5g4
14.Be3d4 e5
15.fxe5 Ng4xe5
16.h3 O-O
17.Qd1e2 b4
18.Ra1c1 Bb7c6
19.Bd4xe5 Qc7xe5
20.Rf1f5 Qe5c7
21.cxb4 Be7xb4
22.Bc2d3 Qc7b7
23.e5 Rf8e8
24.Rf5xf6 gxf6
25.Qe2g4 Kh8
26.Qg4f5 Kg8
27.Qf5xh7 Kf8
28.exf6 Re8e1
29.Rc1xe1 { resign }
1-0

[Event "Match"]
[Site "www.echecsemail.com"]
[Date "2016.01.19"]
[Round "1"]
[White "Tonino1"]
[Black "Ditto"]
[WhiteElo "2040"]
[BlackElo "1790"]
[Result "1-0"]
[Round "1"]
1.d4 e6
2.Ng1f3 d5
3.e3 Nb8c6
4.Bf1d3 Bf8b4
5.c3 Bb4d6
6.b3 Ng8f6
7.Bc1b2 O-O
8.Nb1d2 e5
9.Nf3xe5 Nc6xe5
10.dxe5 Bd6xe5
11.f4 Be5d6
12.O-O b6
13.e4 dxe4
14.Nd2xe4 Nf6xe4
15.Bd3xe4 Ra8b8
16.Qd1h5 Bc8a6
{ time. }
1-0

[Event "Match"]
[Site "www.echecsemail.com"]
[Date "2016.01.19"]
[Round "1"]
[White "Carazo"]
[Black "Pariolinius"]
[WhiteElo "1830"]
[BlackElo "1990"]
[Result "0-1"]
[Round "1"]
1.e4 c5
2.Ng1f3 e6
3.d4 cxd4
4.Nf3xd4 e5
5.Nd4f3 Nb8c6
6.Bf1c4 Bf8b4
7.c3 Bb4a5
8.Nf3g5 Ng8h6
9.Ng5f3 Qd8f6
10.Bc1g5 Qf6g6
11.Qd1d2 Ba5b6
12.Bg5xh6 Qg6xh6
13.Nf3g5 O-O
14.Ng5f3 Qh6xd2
15.Nb1xd2 d6
16.O-O Bc8g4
17.h3 Bg4h5
18.g4 Bh5g6
19.h4 h6
20.Kg2 Ra8c8
21.h5 Bg6h7
22.Bc4d5 a6
23.Bd5xc6 Rc8xc6
24.a4 Bb6d8
25.a5 Rc6c5
26.Nd2b3 Rc5b5
27.Nb3d2 Rb5xb2
28.Nd2c4 Rb2c2
29.Ra1a3 Bd8e7
30.Nc4e3 Rc2b2
31.Ne3c4 Rb2c2
32.Nc4e3 Rc2b2
33.Ne3d5 Be7d8
34.Rf1e1 Rb2b5
35.c4 Rb5c5
36.Nf3d2 Bd8g5
37.Nd2f3 Bg5d8
38.Ra3a4 Bd8xa5
39.Nd5e7 Kh8
40.Re1a1 Ba5b6
41.Ne7d5 Bh7xe4
42.Nd5xb6 Rf8d8
43.Kg3 Be4c6
44.Ra4b4 f6
45.Nf3h4 Bc6e4
46.f3 Be4c2
47.Nh4g2 Kg8
48.Nb6d5 Rd8d7
49.Nd5b6 Rd7c7
50.Nb6d5 Rc7d7
51.Nd5b6 Rd7d8
52.Ng2e3 Bc2d3
53.Ra1a3 Bd3h7
54.Nb6a4 Rc5c7
55.Ne3d5 a5
56.Rb4b2 Rc7xc4
57.Nd5e7 Kf7
58.Ne7d5 Rd8b8
59.Rb2b6 Rc4c6
60.Rb6b5 Ke8
61.f4 e4
62.f5 Bh7g8
63.Ra3e3 Rc6c4
64.Na4b6 Rc4d4
65.Nd5c3 Rd4d3
66.Re3xd3 exd3
67.Rb5xa5 Kd8
68.Ra5a1 Kc7
69.Nb6a4 Rb8e8
70.Na4b2 Re8e3
71.Kf2 Re3h3
72.Nc3b5 Kc6
73.Nb5d4 Kd5
74.Kg2 Rh3e3
75.Nd4b3 Re3e2
76.Kf3 Re2xb2
77.Ra1a5 Kc4
78.Nb3a1 d2
79.Ra5a4 Kd3
80.Ra4a3 Kd4
81.Ke2 Bg8c4
82.Kd1 b5
83.Na1c2 Ke4
84.Ra3e3 Kf4
85.Kxd2 Kxg4
86.Kc3 Rb2b3
87.Kd4 Rb3xe3
88.Nc2xe3 Kxh5
89.Ke4 d5
90.Kd4 Kg5
91.Kc3 Kf4
92.Ne3g2 Kxf5
93.Ng2h4 Kg4
94.Nh4g2 h5
95.Ng2e3 Kf3
96.Ne3f5 g5
97.Nf5d4 Ke4
98.Nd4c2 f5
99.Nc2d4 f4
100.Nd4e6 g4
101.Ne6g5 Ke3
102.Ng5h7 h4
103.Nh7f6 g3
104.Nf6g4 Ke2
105.Ng4e5 g2
{ resign }
0-1

[Event "Fast Game"]
[Site "www.echecsemail.com"]
[Date "2016.01.19"]
[Round "1"]
[White "Add"]
[Black "Maredocla"]
[WhiteElo "1709"]
[BlackElo "1880"]
[Result "1/2-1/2"]
[Round "1"]
1.e4 c5
2.d4 cxd4
3.Qd1xd4 Nb8c6
4.Qd4d1 g6
5.Ng1f3 Bf8g7
6.c3 d6
7.Bc1e3 Bc8g4
8.Bf1e2 Bg4xf3
9.Be2xf3 Ng8f6
10.Nb1d2 O-O
11.h4 h6
12.Nd2b3 Nc6e5
13.Qd1d2 Ne5xf3
14.gxf3 Kh7
15.Nb3d4 b6
16.Qd2d3 a6
17.f4 e5
18.Nd4e2 Nf6g4
19.f5 Ng4xe3
20.fxg6 fxg6
21.Qd3xe3 Ra8a7
22.O-O-O { draw }
1/2-1/2

[Event "Tourn. n8524"]
[Site "www.chess-mail.com"]
[Date "2016.01.20"]
[Round "1"]
[White "Tartan"]
[Black "Yangqi"]
[WhiteElo "2400"]
[BlackElo "2610"]
[Result "1/2-1/2"]
[Round "1"]
1.e4 c6
2.d4 d5
3.Nb1c3 dxe4
4.Nc3xe4 Ng8f6
5.Ne4xf6 gxf6
6.c3 Qd8d5
7.Bc1e3 Rh8g8
8.Qd1f3 Bc8f5
9.Qf3xd5 cxd5
10.Ng1e2 Nb8c6
11.Ne2g3 Bf5g6
12.Bf1e2 e6
13.O-O Bf8d6
14.f4 f5
15.Rf1d1 Ke7
16.Ra1c1 Ra8c8
17.b3 a6
18.c4 Bd6a3
19.Rc1b1 Nc6b4
20.Rd1d2 h5
21.Be3f2 h4
22.Ng3f1 h3
23.g3 Kf6
24.Nf1e3 Rg8h8
{ draw }
1/2-1/2

[Event "Tourn. n8499"]
[Site "www.chess-mail.com"]
[Date "2016.01.20"]
[Round "1"]
[White "Genius7"]
[Black "Norlavuaram"]
[WhiteElo "2020"]
[BlackElo "2260"]
[Result "1-0"]
[Round "1"]
1.c4 Ng8f6
2.g3 g6
3.Bf1g2 Bf8g7
4.Nb1c3 O-O
5.d4 c6
6.e4 d6
7.Ng1e2 Nb8d7
8.O-O Qd8c7
9.h3 a6
10.a4 e5
11.d5 c5
12.Bc1e3 Nf6e8
13.f4 f5
14.Qd1d2 Ne8f6
15.exf5 gxf5
16.fxe5 dxe5
17.Be3h6 Nd7b6
18.b3 Qc7d6
19.Bh6xg7 Kxg7
20.a5 Nb6d7
21.Rf1xf5 Kh8
22.Ra1f1 Rf8g8
23.g4 b6
24.axb6 Qd6xb6
25.d6 Bc8b7
26.Rf5xf6 Bb7xg2
27.Kxg2 Qb6c6
28.Qd2d5 { resign }
1-0

[Event "Tourn. n8539"]
[Site "www.chess-mail.com"]
[Date "2016.01.20"]
[Round "1"]
[White "Amaya"]
[Black "Andychesston"]
[WhiteElo "2060"]
[BlackElo "2030"]
[Result "1-0"]
[Round "1"]
1.d4 d5
2.e3 Ng8f6
3.Bf1d3 Bc8g4
4.f3 Bg4h5
5.Nb1d2 e6
6.Ng1e2 Nb8c6
7.c3 Bf8d6
8.O-O O-O
9.Qd1e1 e5
10.Qe1h4 Bh5g6
11.Bd3xg6 fxg6
12.f4 e4
13.f5 h6
14.fxg6 Bd6e7
15.Ne2f4 Nf6e8
16.Qh4h5 Qd8d6
17.c4 Be7g5
18.c5 Qd6d7
19.Nf4h3 Bg5xe3
20.Kh1 Ne8f6
21.Qh5h4 Be3xd4
22.Nd2b3 Nf6g4
23.Bc1f4 Nc6e5
24.Nb3xd4 Ne5xg6
25.Qh4g3 h5
26.Bf4xc7 h4
27.Qg3d6 Qd7a4
28.Qd6xg6 Ng4e3
29.Rf1xf8 Ra8xf8
30.Nh3g5 Rf8f6
31.Qg6h7 Kf8
32.Nd4e6 Ke8
33.Qh7g8 Kd7
34.Qg8d8 Kc6
35.Qd8e8 
1-0

[Event "Tourn. n8537"]
[Site "www.chess-mail.com"]
[Date "2016.01.20"]
[Round "1"]
[White "Raven16"]
[Black "Xkafi"]
[WhiteElo "2010"]
[BlackElo "2010"]
[Result "1-0"]
[Round "1"]
1.d4 c5
2.d5 Ng8f6
3.c4 e6
4.Nb1c3 exd5
5.cxd5 d6
6.e4 a6
7.f4 Qd8a5
8.Ng1f3 Nf6xe4
9.Qd1e2 Bf8e7
10.Qe2xe4 h6
11.Bf1d3 Kd8
12.O-O Rh8e8
13.Qe4a4 Qa5b6
14.Qa4b3 Qb6a7
15.Kh1 b5
16.Qb3c2 Be7f6
17.Nc3e4 Qa7e7
18.Ne4xf6 Qe7xf6
19.Bc1d2 c4
20.Bd2a5 Ke7
21.Ra1e1 Kf8
22.Re1xe8 Kxe8
23.b3 Bc8g4
24.bxc4 bxc4
25.Qc2xc4 Ra8a7
26.Ba5c3 Qf6d8
27.Bc3xg7 f5
28.Bg7xh6 Bg4xf3
29.Rf1xf3 Ra7c7
30.Qc4a4 Kf7
31.h3 Qd8h4
32.Bh6g5 Qh4e1
33.Rf3f1 Qe1g3
34.Bd3xf5 Qg3e3
35.Qa4e4 Qe3xe4
36.Bf5xe4 Nb8d7
37.Rf1b1 Nd7c5
38.Be4f5 a5
39.h4 Kg7
40.h5 { resign }
1-0

[Event "Tourn. n8573"]
[Site "www.chess-mail.com"]
[Date "2016.01.20"]
[Round "1"]
[White "Pimax"]
[Black "Fkarpov"]
[WhiteElo "2280"]
[BlackElo "2070"]
[Result "0-1"]
[Round "1"]
1.d4 Ng8f6
2.c4 e6
3.Nb1c3 Bf8b4
4.a3 Bb4xc3
5.bxc3 O-O
6.Bc1g5 d5
7.e3 Nb8d7
8.Qd1c2 c5
9.Ng1f3 cxd4
10.cxd4 Qd8a5
11.Nf3d2 Rf8e8
12.cxd5 Nf6xd5
13.Bf1d3 Nd5b4
14.Bd3xh7 Kh8
15.Qc2b1 Qa5xg5
16.axb4 f5
17.Bh7xf5 Qg5xf5
18.Nd2e4 Nd7f6
19.Ne4d6 Qf5xb1
20.Ra1xb1 Re8f8
21.O-O Kg8
22.Rb1c1 Rf8d8
23.Nd6xc8 Rd8xc8
24.Rc1c5 b6
25.Rc5e5 Kf7
26.h3 a6
27.b5 a5
28.g4 a4
29.g5 Nf6d7
30.Re5e4 a3
31.Rf1b1 a2
32.Rb1a1 Rc8c2
33.Re4g4 Ra8a5
{ resign }
0-1